| 000 | 01212nam a2200289 4500 | ||
|---|---|---|---|
| 001 | 0000022195 | ||
| 003 | CO-CtgCURN | ||
| 005 | 20250515194203.0 | ||
| 007 | ta | ||
| 008 | 160627s1984 000 0 eng d | ||
| 020 | _a9586040348 | ||
| 040 |
_aCO-CtgCURN _bspa _ccoctgcurn |
||
| 082 | 0 |
_a346.3 _bE76d |
|
| 100 | 1 | _aEspinel Blanco, Victor M. | |
| 245 | 1 | 0 |
_aDerecho sucesoral / _cVictor M. Espinel Blanco. |
| 260 |
_aBogotá : _bTemis, _c1984. |
||
| 300 | _axx, 262 p. | ||
| 336 | _2rdacontent | ||
| 337 |
_2rdamedia _asin mediacion _bn |
||
| 338 |
_2rdacarrier _avolumen _bnc |
||
| 505 | 8 | _aDefiniciones y reglas generales aplicables a todas las formas de sucesion.--De la sucesion intestada.--De la sucesion testamentaria.--Del derecho de acrecer y de la sustitucion.--De las asignaciones forzosas.--De los desheredamientos.--De la revocacion y reforma del testamento.--De la particion de los bienes.--Del beneficio de separacion.--De las donaciones revocables e irrevocables | |
| 650 | 1 | 4 | _aDerecho sucesoral. |
| 908 | _a160627 | ||
| 942 |
_cBK _h346.3 _iE76d _2ddc _n0 |
||
| 999 |
_c20124 _d20124 |
||